| 000 | 00340nam a2200145Ia 4500 | ||
|---|---|---|---|
| 008 | 230312s9999||||xx |||||||||||||| ||und|| | ||
| 020 | _a8185617813 | ||
| 082 |
_a621.75 _bCHA-W |
||
| 100 | _aChapman, W A J | ||
| 245 | 0 | _aWorkshop Technology | |
| 260 |
_bViva Books Pvt Ltd _aIndia |
||
| 546 | _aEng. | ||
| 650 | _aEngineering | ||
| 942 | _cBK | ||
| 999 |
_c6217 _d6217 |
||